| 000 | 00444nam a2200121Ia 4500 | ||
|---|---|---|---|
| 008 | 220620s9999||||xx |||||||||||||| ||und|| | ||
| 100 | _aPius Lee (Ed.)||Jeff McQueen (Ed.)||Rick Saylor (Ed.) | ||
| 245 | 0 | _aAir Quality Monitoring and Forecasting | |
| 546 | _aEnglish[eng] | ||
| 650 | _aAir Quality||PM2.5||Ozone precursors||Public health||Data assimilation||Mobile monitors | ||
| 856 | _uhttp://www.mdpi.com/books/pdfview/book/602 | ||
| 942 | _cEB | ||
| 999 |
_c34363 _d34363 |
||